| 000 | 00597nam a22001815i 4500 | ||
|---|---|---|---|
| 001 | 171368 | ||
| 003 | ES-MaACL | ||
| 005 | 20250901074056.0 | ||
| 008 | 090513s1919 fr |||| | fre d | ||
| 100 | 1 |
_aSoddy, Frederick. _9140093 |
|
| 245 | 1 | 3 |
_aLa radium _b: interprétation et enseignements de la radioactivité / _cpar Fr. Soddy .... ; traduit ... par Adolphe Lepape. |
| 260 |
_aParis : _bFélix Alcan, _c1919. |
||
| 300 |
_aIII, 376 p. ; _c19 cm. |
||
| 650 | 1 | 7 |
_aRadio (Metal) _2embne _9140096 |
| 700 | 1 |
_aLepape, Adolphe. _971717 |
|
| 852 |
_aES-MaACL _jB-6801 |
||
| 999 |
_c171368 _d171368 |
||